000 00372nam a22001457a 4500
008 181122b xxu||||| |||| 00| 0 eng d
020 _a0443081298
041 _aeng
080 _a610.73
082 _a610.73
100 _a1
101 _aINF
245 _aI fluid and blood componenet therapy in the critically ill and injured
_cEllerdbe.S
942 _2udc
_cBK
999 _c52353
_d52353